000
00241nam a2200097 a 4500
005
20200929165018.0
008
100316s1983 000 spa d
245
0
_a
Nociones de ortografĂa.
260
_a
Santo Domingo,
_c
1983.
999
_c
16582
_d
16582
040
_a
DO-SdBNP